| 000 | 00616nam a22002177a 4500 | ||
|---|---|---|---|
| 003 | CUTN | ||
| 005 | 20231120164311.0 | ||
| 008 | 231120b |||||||| |||| 00| 0 eng d | ||
| 020 | _a9789380430799 | ||
| 041 | _aEnglish | ||
| 082 |
_222 _a005.8 _bNEE |
||
| 100 | _aNeelanarayanan , V. | ||
| 245 |
_aCloud security / _cV. Neelanarayanan and R. Gayathri |
||
| 260 |
_aChennai : _bCBA publishers, _c2022. |
||
| 300 |
_axxviii, 408 p.: _bill.; _c24 cm. |
||
| 650 | _aTraditional Security | ||
| 650 | _aKey Security issues in Cloud | ||
| 690 | _aComputer Science | ||
| 700 | _aGayathri, R. | ||
| 942 |
_2ddc _cBOOKS |
||
| 999 |
_c40421 _d40421 |
||